| 000 | 00447nam a2200157 4500 | ||
|---|---|---|---|
| 001 | 112098 | ||
| 003 | ES-MaACL | ||
| 005 | 20230906185435.0 | ||
| 007 | t| | ||
| 008 | 061121s1962 ag r ||||1| spa d | ||
| 100 | 1 |
_aFernández Nicolás, Severiano. _949954 |
|
| 245 | 1 | 3 |
_aEl desahucio / _cSeveriano F. Nicolás. |
| 260 |
_aBuenos Aires [etc.] : _bPlaza & Janés, _c1962. |
||
| 300 |
_a337 p. ; _c18 cm. |
||
| 852 |
_aES-MaACL _jC-23212 _bR.51966 |
||
| 999 |
_c112098 _d112098 |
||